Pacific Basketball: Top 10 All-Time Leaders - Statistics

General Stats
  • This quiz has been taken 3 times
    0 since last reset
  • The average score is 0 of 92
Answer Stats
Category # Player Amount % Correct
Points 6 Adam Jacobsen 1,513
0%
Assists 1 Adam Jacobsen 436
0%
Steals 2 Adam Jacobsen 160
0%
Three Pointers Made 1 Adam Jacobsen 311
0%
Games 7 Adam Jacobsen 120
0%
Games 3 Anthony Brown 126
0%
Blocks 9 Anthony Townes 62
0%
Assists 8 Anthony Woods 275
0%
Field Goal Percent 6 Bill Strickler 49.8%
0%
Points Per Game 5 Bill Strickler 17.2
0%
Points Per Game 8 Bill Wilson 15.8
0%
Points 9 Bob Krulish 1,333
0%
Points Per Game 6 Bob Krulish 16.7
0%
Steals 8 Brent Counts 98
0%
Games T10 Brent Counts 116
0%
Three Pointers Made 6 Chad Troyer 155
0%
Points 3 Christian Maråker 1,667
0%
Rebounds 9 Christian Maråker 822
0%
Blocks 8 Christian Maråker 65
0%
Field Goal Percent 8 Christian Maråker 48.9%
0%
Games T4 Christian Maråker 124
0%
Three Pointers Made 3 Clay McKnight 198
0%
Steals 1 Corey Anders 191
0%
Points 2 Dell Demps 1,742
0%
Assists 3 Dell Demps 350
0%
Three Pointers Made 2 Dell Demps 230
0%
Points Per Game 10 Dell Demps 15.1
0%
Three Pointers Made 9 Demetrece Young 126
0%
Points 8 Don Lyttle 1,411
0%
Rebounds 10 Don Lyttle 796
0%
Blocks 2 Don Lyttle 125
0%
Blocks T5 Glenn Griffin 80
0%
Blocks 7 Guillaume Yango 67
0%
Assists 7 Jahlil Tripp 308
0%
Steals 3 Jahlil Tripp 148
0%
Field Goal Percent 7 Jahlil Tripp 48.9%
0%
Steals 9 Jasko Korajkic 88
0%
Steals 7 Jeremiah Bailey 100
0%
Rebounds 5 Jim McCargo 934
0%
Field Goal Percent 9 Jim McCargo 48.7%
0%
Points Per Game 7 Jim McCargo 16.4
0%
Steals 4 Joe Ford 125
0%
Blocks T10 Joe Ford 61
0%
Games T1 Joe Ford 131
0%
Points 4 John Gianelli 1,659
0%
Rebounds 3 John Gianelli 1,329
0%
Field Goal Percent 3 John Gianelli 52.6%
0%
Points Per Game 1 John Gianelli 20.5
0%
Assists 4 John Leidenheimer 343
0%
Rebounds 6 John Thomas 882
0%
Points 5 Keith Swagerty 1,650
0%
Rebounds 1 Keith Swagerty 1,505
0%
Points Per Game 2 Keith Swagerty 20.1
0%
Points 7 Ken Stanley 1,444
0%
Points Per Game 3 Ken Stanley 18.5
0%
Games 6 Khalil Kelley 123
0%
Assists 2 Kyle Pepple 403
0%
Steals 10 Kyle Pepple 85
0%
Rebounds 8 Leo Middleton 844
0%
Rebounds 2 Leroy Wright 1,442
0%
Three Pointers Made 4 Mark Boelter 170
0%
Points 10 Matt Waldron 1,328
0%
Blocks 1 Michael Olowokandi 160
0%
Field Goal Percent 1 Michael Olowokandi 59.2%
0%
Blocks T5 Namdi Okonkwo 80
0%
Assists 10 Norm Edwards 258
0%
Assists 6 Pierre Crockrell 311
0%
Games 9 Rayne Mahaffey 117
0%
Three Pointers Made 10 Reggie Ricks 124
0%
Field Goal Percent 4 Rich Anema 51.8%
0%
Points 1 Ron Cornelius 2,065
0%
Rebounds 4 Ron Cornelius 973
0%
Field Goal Percent 2 Ron Cornelius 57.0%
0%
Points Per Game 4 Ron Cornelius 18.0
0%
Field Goal Percent 10 Ron Lyttle 48.5%
0%
Rebounds 7 Sam Willard 878
0%
Blocks T10 Sam Willard 61
0%
Games T4 Sam Willard 124
0%
Assists 5 Steffan Johnson 337
0%
Steals 6 Steffan Johnson 104
0%
Three Pointers Made 7 Steffan Johnson 136
0%
Field Goal Percent 5 Terence Carney 50.1%
0%
Games T1 Terrell Smith 131
0%
Blocks 4 Tim Johnson 90
0%
Assists 9 T.J. Wallace 265
0%
Steals 5 T.J. Wallace 106
0%
Three Pointers Made 8 T.J. Wallace 131
0%
Games 8 T.J. Wallace 118
0%
Games T10 Tom Cockle 116
0%
Three Pointers Made 5 Tony Amundsen 158
0%
Points Per Game 9 Tony Amundsen 15.6
0%
Blocks 3 Vic Trierweiler 122
0%
No matching quizzes found
Score Distribution
Percent of People with Each Score
Percentile by Number Answered
Your Score History
You have not taken this quiz since the last reset